| 000 | 00889nam a2200277 a 4500 | ||
|---|---|---|---|
| 999 |
_c7787 _d7787 |
||
| 001 | 1135593 | ||
| 003 | OSt | ||
| 005 | 20220303162807.0 | ||
| 008 | 940826s1992 mdua b 000 0 eng | ||
| 010 | _a 94201975 | ||
| 020 | _a0941406296 | ||
| 040 |
_aDLC _cDDC |
||
| 043 | _an-us--- | ||
| 050 | 0 | 0 |
_aR838.5 _b.C65 1992 |
| 082 | 0 | 0 | _a500FLO 1992 |
| 245 | 0 | 2 |
_aA Complete preparation for the MCAT / _cJames L. Flowers. |
| 250 | _a6th ed. | ||
| 260 |
_aBethesda, Md. : _bBetz Pub. Co., _cc1992. |
||
| 300 |
_a1 v. (various pagings) : _bill. ; _c28 cm. |
||
| 504 | _aIncludes bibliographical references. | ||
| 650 | 0 |
_aMedical colleges _zUnited States _xEntrance examinations _xStudy guides. _915862 |
|
| 700 | 1 |
_aFlowers, James L. _915863 |
|
| 906 |
_a7 _bcbc _corignew _d2 _encip _f19 _gy-gencatlg |
||
| 942 |
_2ddc _cO_SHELF |
||